Birds of a feather : a children's story of love, ... Read More
Available copies
- 1 of 1 copy available at LARL/NWRL Consortium.
Current holds
0 current holds with 1 total copy.
Show Only Available Copies
| Location | Call Number / Copy Notes | Barcode | Shelving Location | Status | Due Date |
|---|---|---|---|---|---|
| Roseau Public Library | e CRI (Text) | 35500006075558 | Main | Available | - |
Record details
- ISBN: 9780999685303
- ISBN: 0999685309
- Physical Description: 27 pages : color illustrations ; 21 cm
- Publisher: Boston, MA : Thomas E. Crice, [2018]
Content descriptions
| Summary, etc.: | "In this thoughtful story of loss and recovery, a ... Read More |
Search for related items by subject
| Subject: | Bereavement > Juvenile fiction. Bereavement > Fiction. |
| LDR | 01260nam a2200301Mi 4500 | ||
|---|---|---|---|
| 001 | 294274 | ||
| 003 | LARL_NWRL_CONSORTIUM | ||
| 005 | 20180803123423.0 | ||
| 008 | 180718s2018 maua j 000 1 eng d | ||
| 040 | . | ‡aQQ3 ‡beng ‡erda ‡cQQ3 ‡dNRG | |
| 020 | . | ‡a9780999685303 | |
| 020 | . | ‡a0999685309 | |
| 035 | . | ‡a(OCoLC)1046553817 | |
| 082 | 0 | 4. | ‡a[E] ‡223 |
| 049 | . | ‡aNRGA | |
| 100 | 1 | . | ‡aCrice, Tom, ‡eauthor. |
| 245 | 1 | 0. | ‡aBirds of a feather : ‡ba children's story of love, loss, and what came next / ‡cby Tom Crice ; illustrated by Ellen Rakatansky. |
| 264 | 1. | ‡aBoston, MA : ‡bThomas E. Crice, ‡c[2018] | |
| 300 | . | ‡a27 pages : ‡bcolor illustrations ; ‡c21 cm | |
| 336 | . | ‡atext ‡2rdacontent | |
| 337 | . | ‡aunmediated ‡2rdamedia | |
| 338 | . | ‡avolume ‡2rdacarrier | |
| 520 | . | ‡a"In this thoughtful story of loss and recovery, a young boys happy life is interrupted when his grandfather passes away. Now the boys world is filled with big questions and difficult emotions. Then one day a chance encounter with two birds on the subway leads to a new connection and rediscovered joy"--Provided by publisher. | |
| 650 | 0. | ‡aBereavement ‡vJuvenile fiction. | |
| 650 | 1. | ‡aBereavement ‡vFiction. ‡0(LARL_NWRL_CONSORTIUM)163685 | |
| 700 | 1 | . | ‡aRakatansky, Ellen, ‡eillustrator. |
| 905 | . | ‡ubacont | |
| 901 | . | ‡a294274 ‡b ‡c294274 ‡tbiblio ‡soclc | |

Add to basket
Permalink
Disable Highlighting